Statistieken voor Vaticaanstad Trivia Quiz

Klik hier om de quiz te nemen!

Algemene statistieken

  • Deze quiz is 564 keer genomen
  • De gemiddelde score is 10 van 20

Antwoordstatistieken

HintAntwoord% Correct
Stad die compleet om Vaticaanstad heen ligtRome
98%
Taal die bij officiële mededelingen gebruikt wordtItaliaans
93%
Vaticaanstad is het ____ land ter wereld, slechts 0,49 vierkante kilometerKleinste
86%
Het Vaticaan is het enige land waar geldautomaten deze taal als optie hebbenLatijn
86%
Het Vaticaan heeft waarschijnlijk de hoogste consumptie van deze drank per hoofdWijn
70%
Huidige pausFranciscus
64%
Lijfwachten van de paus{Zwitserse} Garde
62%
Schilder van de Sixtijnse KapelMichelangelo
59%
Grootste kerk ter wereld{Sint-Pieters}basiliek
51%
Slechts ongeveer 5% van de bevolking van het Vaticaan is ____, het laagste van alle landenVrouw
47%
Voormalige naam van de landen die vóór het Verdrag van Lateranen van 1929 door de paus werden geregeerd{Kerkelijke} Staat
46%
Rivier waaraan het Vaticaan ligtTiber
45%
Mensen die de paus kiezenCollege van {Kardinalen}
39%
Voorwerpen op de vlagSleutels
37%
Italiaanse premier die dat verdrag heeft ondertekendBenito Mussolini
31%
Term voor de dingen die onder de jurisdictie van de paus vallen, waaronder het Vaticaan maar ook andere kerkelijke eigendommenHeilige {Stoel}
30%
Voorwerpen op de vlagTiara
27%
Voormalige naam van die pausJorge Mario Bergoglio
15%
Hij is de ___e paus266
14%
Officiële residentie{Apostolisch} Paleis
14%

Scoreverdeling

Percentiel versus Aantal Correcte Antwoorden

Procent van Mensen met Elke Score

Uw Scoregeschiedenis

U heeft deze quiz nog niet genomen